Arcane characters - Statistics

General Stats
  • This quiz has been taken 232 times
  • The average score is 19 of 42
Answer Stats
Answer % Correct
Vi
100%
Jinx/Powder
99%
Caitlyn
95%
Viktor
93%
Ekko
92%
Vander
92%
Jayce
91%
Mel
89%
Silco
88%
Ambessa
79%
Heimerdinger
73%
Sevika
69%
Isha
59%
Maddie
58%
Cassandra
57%
Claggor
57%
Singed
53%
Milo
50%
Salo
47%
Marcus
44%
Grayson
37%
Lest
35%
Loris
33%
Sky
31%
Steb
31%
Elora
29%
Tobias
28%
Rictus
27%
Smeech
27%
Scar
25%
Finn
23%
Huck
21%
Gert
18%
Shoola
18%
Amara
15%
Bolbok
15%
Deckard
14%
Renni
13%
Margot
10%
Babette
6%
Chross
5%
Hydrated Viktor
2%
No matching quizzes found
Score Distribution
Percent of People with Each Score
Percentile by Number Answered
Your Score History
You have not taken this quiz